000 00287nam a22001217a 4500
008 181129b xxu||||| |||| 00| 0 eng d
041 _aeng
080 _a043.3
100 _a0
101 _aBTH-ARK
245 _aKompleks banesor - Afarist, Prishtina e re
_cBerisha, A
942 _2udc
_cBK
999 _c52639
_d52639